| 000 | 00536nam a2200193Ia 4500 | ||
|---|---|---|---|
| 003 | OSt | ||
| 005 | 20201102100931.0 | ||
| 008 | 190216s9999||||xx |||||||||||||| ||und|| | ||
| 020 | _a033917618 | ||
| 040 | _coclc | ||
| 082 |
_a820.95 _bPRA/I |
||
| 100 |
_aPrasad, Birjadish _96173 |
||
| 245 | 3 |
_aAn Introduction To English Criticism / _cBirjadish Prasad |
|
| 250 | _a3RD | ||
| 260 |
_bMacmillan, _c2012. _aNew Delhi: |
||
| 300 | _a257p | ||
| 650 | _aEnglish | ||
| 942 |
_cBK _2ddc _h820.95 _iPRA/I _k820.95 _mPRA/I |
||
| 999 |
_c14791 _d14791 |
||